| 000 | 00991nam a2200289Ia 4500 | ||
|---|---|---|---|
| 001 | Para_1335 | ||
| 003 | CHAP | ||
| 008 | 220125s1998 xx 000 0 und d | ||
| 010 | _a200043 | ||
| 040 | _cCHAP | ||
| 090 | _aPA TESIS 1276 | ||
| 100 |
_aSalazar Torres, J. Cruz _9101462 |
||
| 245 |
_aComparación de indicadores para detectar la presencia temprana de Anthonomus eugenii Cano (Coleoptera : _b Curculionidae), en chile serrano, Capsicum annuum L. en Apodaca, N.L. / _c por J. Cruz Salazar Torres |
||
| 260 |
_aMonterrey, N.L. : _b El autor |
||
| 300 | _a77 h. | ||
| 502 | _aDisertación (Dr. en Ciencias Esp. Parasitología Agrícola), ITESM. Campus Monterrey | ||
| 650 |
_aAnthonomus eugenii _96036 |
||
| 650 |
_aChile serrano _x plagas _922520 |
||
| 710 |
_aITESM _9165022 |
||
| 901 | _aPA TESIS 1276 | ||
| 902 | _aA | ||
| 905 | _a0000001998 i 0000000000 00 | ||
| 910 | _a1998 | ||
| 942 | _cPARA | ||
| 942 |
_cPARA _d1 |
||
| 999 |
_c200043 _d200043 |
||